<?xml version="1.0" encoding="UTF-8"?>
<record
    xmlns:xsi="http://www.w3.org/2001/XMLSchema-instance"
    xsi:schemaLocation="http://www.loc.gov/MARC21/slim http://www.loc.gov/standards/marcxml/schema/MARC21slim.xsd"
    xmlns="http://www.loc.gov/MARC21/slim">

  <leader>01235nam a2200217Ia 4500</leader>
  <controlfield tag="003">SEM</controlfield>
  <datafield tag="999" ind1=" " ind2=" ">
    <subfield code="c">43611</subfield>
    <subfield code="d">43611</subfield>
  </datafield>
  <controlfield tag="005">20220608070928.0</controlfield>
  <controlfield tag="008">141116s9999    xx       000 0  arm d</controlfield>
  <datafield tag="040" ind1=" " ind2=" ">
    <subfield code="a">SEM</subfield>
    <subfield code="c">SEM</subfield>
  </datafield>
  <datafield tag="041" ind1=" " ind2=" ">
    <subfield code="a">arm.</subfield>
    <subfield code="a">rus.</subfield>
  </datafield>
  <datafield tag="080" ind1=" " ind2=" ">
    <subfield code="a">930.27(47.925)/&#x542;-52</subfield>
  </datafield>
  <datafield tag="100" ind1=" " ind2=" ">
    <subfield code="a">&#x542;&#x561;&#x586;&#x561;&#x564;&#x561;&#x580;&#x575;&#x561;&#x576; &#x53F;&#x561;&#x580;&#x578;</subfield>
    <subfield code="q">(&#x41A;&#x430;&#x444;&#x430;&#x434;&#x430;&#x440;&#x44F;&#x43D; &#x41A;&#x430;&#x440;&#x43E;)</subfield>
  </datafield>
  <datafield tag="245" ind1=" " ind2=" ">
    <subfield code="a">&#x540;&#x561;&#x575;&#x56F;&#x561;&#x56F;&#x561;&#x576; &#x563;&#x580;&#x56B; &#x57D;&#x56F;&#x566;&#x562;&#x576;&#x561;&#x56F;&#x561;&#x576; &#x57F;&#x565;&#x57D;&#x561;&#x56F;&#x576;&#x565;&#x580;&#x568;:</subfield>
    <subfield code="b">&#x540;&#x576;&#x561;&#x563;&#x580;&#x561;&#x56F;&#x561;&#x576;-&#x562;&#x561;&#x576;&#x561;&#x57D;&#x56B;&#x580;&#x561;&#x56F;&#x561;&#x576; &#x578;&#x582;&#x57D;&#x578;&#x582;&#x574;&#x576;&#x561;&#x57D;&#x56B;&#x580;&#x578;&#x582;&#x569;&#x575;&#x578;&#x582;&#x576;: /</subfield>
    <subfield code="c">&#x53F;. &#x542;&#x561;&#x586;&#x561;&#x564;&#x561;&#x580;&#x575;&#x561;&#x576;; &#x54A;&#x561;&#x57F;. &#x56D;&#x574;&#x562;.` &#x540;. &#x540;&#x561;&#x580;&#x578;&#x582;&#x569;&#x575;&#x578;&#x582;&#x576;&#x575;&#x561;&#x576;; &#x53D;&#x54D;&#x540;&#x544; &#x533;&#x531;. &#x561;&#x56F;&#x561;&#x564;&#x565;&#x574;&#x56B;&#x561; &#x540;&#x561;&#x575;&#x56F;&#x561;&#x56F;&#x561;&#x576; &#x586;&#x56B;&#x56C;&#x56B;&#x561;&#x56C; &#x54A;&#x561;&#x57F;&#x574;&#x578;&#x582;&#x569;&#x575;&#x561;&#x576; &#x587; &#x570;&#x576;&#x561;&#x563;&#x56B;&#x57F;&#x578;&#x582;&#x569;&#x575;&#x561;&#x576; &#x56B;&#x576;&#x57D;&#x56B;&#x57F;&#x578;&#x582;&#x57F;</subfield>
  </datafield>
  <datafield tag="246" ind1=" " ind2=" ">
    <subfield code="a">&#x41F;&#x435;&#x440;&#x432;&#x43E;&#x43D;&#x430;&#x447;&#x430;&#x43B;&#x44C;&#x43D;&#x44B;&#x435; &#x444;&#x43E;&#x440;&#x43C;&#x44B; &#x430;&#x440;&#x43C;&#x44F;&#x43D;&#x441;&#x43A;&#x43E;&#x433;&#x43E; &#x43F;&#x438;&#x441;&#x44C;&#x43C;&#x430;:</subfield>
    <subfield code="b">&#x41F;&#x430;&#x43B;&#x435;&#x43E;&#x433;&#x440;&#x430;&#x444;&#x438;&#x447;&#x435;&#x446;&#x43A;&#x43E;&#x435; &#x438;&#x441;&#x441;&#x43B;&#x435;&#x434;&#x43E;&#x432;&#x430;&#x43D;&#x438;&#x435;:</subfield>
  </datafield>
  <datafield tag="260" ind1=" " ind2=" ">
    <subfield code="a">&#x535;&#x580;&#x587;&#x561;&#x576;:</subfield>
    <subfield code="b">&#x531;&#x580;&#x574;&#x586;&#x561;&#x576;-&#x56B; &#x570;&#x580;&#x561;&#x57F;.,</subfield>
    <subfield code="c">1939.</subfield>
  </datafield>
  <datafield tag="300" ind1=" " ind2=" ">
    <subfield code="a">95 &#x567;&#x57B;;</subfield>
    <subfield code="b">&#x576;&#x56F;.;</subfield>
    <subfield code="c">21 &#x57D;&#x574;</subfield>
  </datafield>
  <datafield tag="650" ind1=" " ind2=" ">
    <subfield code="a">&#x540;&#x561;&#x575; &#x563;&#x56B;&#x580;</subfield>
  </datafield>
  <datafield tag="700" ind1=" " ind2=" ">
    <subfield code="a">&#x540;&#x561;&#x580;&#x578;&#x582;&#x569;&#x575;&#x578;&#x582;&#x576;&#x575;&#x561;&#x576; &#x540;.</subfield>
    <subfield code="4">resp. edt.</subfield>
    <subfield code="e">&#x57A;&#x561;&#x57F;. &#x56D;&#x574;&#x562;.</subfield>
  </datafield>
  <datafield tag="710" ind1=" " ind2=" ">
    <subfield code="a">&#x53D;&#x54D;&#x540;&#x544; &#x533;&#x56B;&#x57F;&#x578;&#x582;&#x569;&#x575;&#x578;&#x582;&#x576;&#x576;&#x565;&#x580;&#x56B; &#x531;&#x56F;&#x561;&#x564;&#x565;&#x574;&#x56B;&#x561;-&#x540;&#x561;&#x575;&#x56F;&#x561;&#x56F;&#x561;&#x576; &#x586;&#x56B;&#x56C;&#x56B;&#x561;&#x56C;</subfield>
    <subfield code="b">&#x54A;&#x561;&#x57F;&#x574;&#x578;&#x582;&#x569;&#x575;&#x561;&#x576; &#x587; &#x570;&#x576;&#x561;&#x563;&#x56B;&#x57F;&#x578;&#x582;&#x569;&#x575;&#x561;&#x576; &#x56B;&#x576;&#x57D;&#x56B;&#x57F;&#x578;&#x582;&#x57F;</subfield>
  </datafield>
  <datafield tag="942" ind1=" " ind2=" ">
    <subfield code="2">udc</subfield>
    <subfield code="c">BK</subfield>
  </datafield>
  <datafield tag="952" ind1=" " ind2=" ">
    <subfield code="0">0</subfield>
    <subfield code="1">0</subfield>
    <subfield code="2">udc</subfield>
    <subfield code="4">0</subfield>
    <subfield code="7">0</subfield>
    <subfield code="8">&#x533;&#x580;&#x561;&#x57A;&#x561;&#x570;&#x578;&#x581;</subfield>
    <subfield code="a">SEM</subfield>
    <subfield code="b">SEM</subfield>
    <subfield code="d">2014-11-16</subfield>
    <subfield code="g">1200.00</subfield>
    <subfield code="i">5549</subfield>
    <subfield code="l">0</subfield>
    <subfield code="o">930.27(47.925)/&#x542;-52</subfield>
    <subfield code="p">5549</subfield>
    <subfield code="r">2014-11-16</subfield>
    <subfield code="w">2014-11-16</subfield>
    <subfield code="y">BK</subfield>
    <subfield code="z">&#x54D;&#x57A;&#x561;&#x57D;&#x561;&#x580;&#x56F;&#x57E;&#x578;&#x582;&#x574; &#x567; &#x568;&#x576;&#x569;&#x565;&#x580;&#x581;&#x561;&#x57D;&#x580;&#x561;&#x570;</subfield>
  </datafield>
  <datafield tag="952" ind1=" " ind2=" ">
    <subfield code="0">0</subfield>
    <subfield code="1">0</subfield>
    <subfield code="2">udc</subfield>
    <subfield code="4">0</subfield>
    <subfield code="7">0</subfield>
    <subfield code="8">&#x533;&#x580;&#x561;&#x57A;&#x561;&#x570;&#x578;&#x581;</subfield>
    <subfield code="a">SEM</subfield>
    <subfield code="b">SEM</subfield>
    <subfield code="d">2019-04-15</subfield>
    <subfield code="g">1200.00</subfield>
    <subfield code="i">29993</subfield>
    <subfield code="l">0</subfield>
    <subfield code="o">930.27(47.925)/&#x542;-52</subfield>
    <subfield code="p">29993</subfield>
    <subfield code="r">2019-04-15</subfield>
    <subfield code="w">2019-04-15</subfield>
    <subfield code="y">BK</subfield>
    <subfield code="z">&#x54D;&#x57A;&#x561;&#x57D;&#x561;&#x580;&#x56F;&#x57E;&#x578;&#x582;&#x574; &#x567; 30 &#x585;&#x580;</subfield>
  </datafield>
</record>
